000 00850nam a22002777a 4500
001 7656
003 FISKH
005 20250730084438.0
008 250730b cb ||||| |||| 00| 0 eng d
020 _a2210448428566
040 _aFISKH
_beng
_cFISKH
_dFISKH
050 _aPZ7
082 _a790.1
100 _aIves, Alex
245 _aBuilding blocks /
_cby Alex Ives ; illustrated by Philip Webb
260 _aNew York :
_bScholastic,
_c2011.
300 _a8 pages :
_bcolor illustrations ;
_c21 cm
505 _aaa
520 _aSimple text and illustrations describe different things that can be built with blocks.
521 8 _a20
_bLexile
521 8 _aaa
_bRaz-Plus
650 _aSchool Days
_vRealistic Fiction
_xFriends
_yIndependent
700 _aWebb, Philip
_eillustrator
942 _2ddc
_cBK
_n0
999 _c7656
_d7656